Normal view
MARC view
- Supervisor Abdul Basit
Entry Personal Name
001 - CONTROL NUMBER
- control field: 35990
003 - CONTROL NUMBER IDENTIFIER
- control field: NUST
005 - DATE AND TIME OF LATEST TRANSACTION
- control field: 20210312152058.0
008 - FIXED-LENGTH DATA ELEMENTS
- fixed length control field: 210312|| aca||aabn | a|a d
040 ## - CATALOGING SOURCE
- Original cataloging agency: NUST
- Transcribing agency: NUST
100 ## - HEADING--PERSONAL NAME
- Personal name: Supervisor Abdul Basit
670 ## - SOURCE DATA FOUND
- Source citation: Work cat.: (NUST)15085: Mannan, Abdul 35988, An Experimental Study on Flexural Properties of Recyceled Aggregate Concrete , 2020.
